000 00676nam a2200289Ia 4500
005 20260324143027.0
008 008 260324s9999 xx 000 0 eng d
020 _a9780203202081
037 _aEBOOK
040 _aCRL
040 _beng
040 _cCRL
041 _2eng
041 _aeng
084 _qCRL
100 _aChris Wrigley
_9873237
245 0 _aChallenges of Labour
245 0 _bCentral and Western Europe 1917-1920
260 _bTaylor and Francis
260 _c1993
365 _a
365 _b74.95
856 _uhttp://www.taylorfrancis.com/books/9780203202081
942 _cEBOOK
999 _c1819019
_d1819019